MARC

LEADER 00000nam0a2200000 4500
001 368322
005 20231102012054.0
035 |a (RuTPU)RU\TPU\retro\25686 
090 |a 368322 
100 |a 20220407d1980 km y0rusy50 ca 
101 0 |a rus 
102 |a RU 
105 |a a z 001zd 
200 1 |a Советская музыкальная культура. История, традиции, современность  |f сост. Д. Г. Дараган 
210 |a Москва  |c Музыка  |d 1980 
215 |a 208 с.  |c ил., ноты 
320 |a Библиография в ссылках 
600 1 |a Шостакович  |b Д. Д.  |c русский композитор  |f 1906-1975  |g Дмитрий Дмитриевич  |2 stltpush  |3 (RuTPU)RU\TPU\pers\11080  |9 2455 
600 1 |a Щедрин  |b Р. К.  |c русский композитор  |f 1932-  |g Родион Константинович  |2 stltpush  |3 (RuTPU)RU\TPU\pers\11091  |9 2466 
606 1 |a Музыка  |x Теория  |2 stltpush  |3 (RuTPU)RU\TPU\subj\44569  |9 63880 
610 1 |a музыкальная деятельность 
610 1 |a музыкальная культура 
610 1 |a музыкальное творчество 
610 1 |a советская музыка 
610 1 |a история 
610 1 |a традиции 
610 1 |a современный период 
610 1 |a оперное творчество 
610 1 |a симфоническая музыка 
675 |a 781  |v 4 
702 1 |a Дараган  |b Д. Г.  |4 220 
801 1 |a RU  |b 63413507  |c 20220407 
801 2 |a RU  |b 63413507  |c 20221207  |g RCR 
942 |c BK